00578 2200181 4500001002100000005001700021008004100038035002500079040001200104082000800116084001400124245009400138260007500232300002800307650003100335850001200366990001800378INLIS00000000001152420150901120140.0  a0010-091500000000037 aYOPDYOG a635 aR 635 Tek aTeknologi untuk meningkatkan produktivitas tanaman pangan di Propinsi Nusa Tenggara Timur aMalangbBalai Penelitian Tanaman Kacang-kacangan dan Umbi-umbianc1995 axxi, 181 hlm. ;c22 cm. aTanaman pangan - Teknologi aYOPDYOG a127-BPAD/A.02